NBA Teams Ish Smith Played For - Statistics

General Stats
  • This quiz has been taken 52 times
  • The average score is 10 of 13
Answer Stats
Season Team % Correct
2021-2023 Denver Nuggets
94%
2011-2013 Orlando Magic
83%
2010-2011 Houston Rockets
80%
2019-2021, 2021-2022 Washington Wizards
80%
2021-2022, 2023-2024 Charlotte Hornets
77%
2016-2019 Detroit Pistons
77%
2013-2014 Phoenix Suns
77%
2011-2012 Golden State Warriors
74%
2012-2013 Milwaukee Bucks
71%
2014-2015 Oklahoma City Thunder
71%
2014-2015, 2015-2016 Philadelphia 76ers
71%
2010-2011 Memphis Grizzlies
66%
2015-2016 New Orleans Pelicans
57%
No matching quizzes found
Score Distribution
Percent of People with Each Score
Percentile by Number Answered
Your Score History
You have not taken this quiz